000
00317nam a2200133Ia 4500
005
20251222155108.0
008
251222s9999||||xx |||||||||||||| ||spa||
082
_a
PED. 12
100
_a
McCRACKEN
245
0
_a
Enfermedades Infecciosas en Pediatria
250
_a
22va. ed.
264
_b
Panamericana
942
_c
LIB
999
_c
37951
_d
37951